Biblioteca Parlamentaria
Catálogo en línea

Mauro Andino pide 'bajar la confrontación' en AP y trabajar por ecuatorianos (Registro nro. 40307)

000 -CABECERA
Campo de control interno nam a22 7a 4500
005 - FECHA Y HORA DE LA CATALOGACION
Campo de control 20171107112241.0
008 - ELEMENTOS DE LONGITUD FIJA - INFORMACION
Elementos de Longitud Fija - Informaci 171107b xxu||||| |||| 00| 0 eng d
040 ## - ORIGEN DE LA CATALOGACION
Origen de la Catalogación ANE
041 ## - CODIGO DE LENGUAJE
Código de lenguaje del texto Es
082 ## - NUMERO DE CLASIFICACION DECIMAL DEWEY
1ra. Clasificación TV-5753
100 ## - ENTREVISTADO
Entrevistado Andino, Mauro
Rol del entrevistado Exasambleísta y militante de Alianza País
245 ## - TÍTULO GENERAL
Título Mauro Andino pide 'bajar la confrontación' en AP y trabajar por ecuatorianos
260 ## - EDITORIAL
Ciudad Quito
Televisora que emite el programa Teleamazonas-Entrevista
Fecha del Programa 2017-11-06
300 ## - DESCRIPCION
Duración en minutos, horas (del programa) p.
520 ## - RESUMEN
Resumen Mauro Andino, exasambleísta y militante de Alianza País, considera que el combatir los hechos de corrupción cometidos en el pasado no pueden dañar el trabajo de la revolución ciudadana y que quienes abusaron de la confianza del pueblo que los eligió deben pagar.

Lamentó la decisión errónea de la militancia que tomó el nombre de la directiva, sin respetar el debido proceso, para destituir a Lenín Moreno de la Presidencia del partido y aseguró que eso no afecta en nada el accionar del pueblo que respalda tanto al mandatario nacional, como al proyecto político presentado en las urnas. En ese sentido, exhortó a sus compañeros a bajar la confrontación y recordar que fueron electos para trabajar en favor de los ecuatorianos.
650 ## - DESCRIPTORES - TEMAS
Temas - Descriptores Oficialismo Confrontación / Mauro Andino / exambleísta y militante Alianza País / Teleamazonas-entrevista / política Ecuador / hechos corrupción pasado / Revolución Ciudadana / abusaron confianza pueblo / decisión errónea directiva / destituir Lenin Moreno / presidencia partido / respaldo ciudadano / proyecto político urnas / bajar confrontación /
942 ## - ELEMENTOS DE KOHA
Esquema de Clasificaci
Tipo de Documento Material Multimedia (radio y televisión)
Catalogador IES.
Existencias
Withdrawn status Lost status Fuente de Clasificaci Damaged status Not for loan Ubicaci Biblioteca Fecha de Adquisición Signatura Topogr Código de barras Date last seen Price effective from Tipo de Item
          Biblioteca Asamblea Nacional Biblioteca Asamblea Nacional 2017-11-07 TV-5753 TV-5753 2017-11-07 2017-11-07 Material Multimedia (radio y televisión)
Dirección: Av. 6 de Diciembre y Piedrahita | Quito - Ecuador
Teléfonos: 593-23991000 Ext: 1147/1148
Correo:
archivo.biblioteca@asambleanacional.gob.ec

Soporte: FusionSolutions Cia. Ltda
archivobiblioteca white

Con tecnología Koha